01417nam a22001577a 4500999001900000008004100019100002900060245012800089260002000217300003900237520083300276773002001109906000901129942000701138952011401145 c522067d522067230309b ||||| |||| 00| 0 eng d aDhakate, Shaurya 938331 aHow geo-strategy, warfare and war-tech have changed in 2022: A review of events which shaped the new paradigms of warcraft  aU.S.I. Journal  a152(630), Oct-Dec, 2022: p.562-572 aThe year 2022 arrived with fresh opportunities and challenges for the world, transforming the way nations dealt with each other in the process of safeguarding their interests. The article looks back at the year to see how nations behaved in conflicts, what new strategic challenges emerged, and the development of new state of the art war-tech. It attempts to look at the events based on the level of significance they hold pertaining to the change in the global order, including territorial disputes, cyber warfare, war and recent development of war-tech. It concludes with the significant changes in the belief system around the world when it comes to how wars will be fought in the near future. These changes are a result of the paths that nations took in 2022 to gain strategic advantage over their adversaries.- Reproduced  aU.S.I. Journal  aWARS cAR 00102ddc40709396752aIIPAbIIPAd2023-03-09h152(630), Oct-Dec, 2022: p.562-572pAR128330r2023-03-09yAR